| 000 | 01710nam0a2200361 i 4500 | ||
|---|---|---|---|
| 001 | RU\NLR\bibl\2032179 | ||
| 005 | 20260405080942.0 | ||
| 021 |
_aRU _b2013-28465 _91957 |
||
| 035 | _a(NLR Aleph) 002019988 | ||
| 090 |
_a4499922 _c4499922 |
||
| 100 | _a20130513d2013 k y0rusy50 ca | ||
| 101 | 0 |
_arus _deng |
|
| 102 | _aRU | ||
| 105 | _aa ||||||||| | ||
| 200 | 1 |
_aОпределение политики контроля доступа для инфраструктур с массовой интеграцией баз данных _fВ.Н. Коваленко, А.Ю. Куликов |
|
| 210 |
_aМосква _cИПМ РАН _d2013 |
||
| 215 |
_a20 с. _cил. _d21 |
||
| 225 | 1 |
_aПрепринты ИПМ им. М.В. Келдыша _dKeldysh institute preprints _zeng |
|
| 225 | 1 |
_aПрепринт _fИн-т прикл. математики им. М.В. Келдыша Рос. акад. наук _x2071-2898 _vN° 21 за 2013 г. |
|
| 300 | _aРез. на англ. яз. | ||
| 320 | _aБиблиогр.: с. 17-19 (22 назв.) | ||
| 606 |
_aРаспределенные вычислительные сети _xДоступ _92253544 _3RU\NLR\AUTH\6601581999 |
||
| 606 |
_aБазы данных _xДоступ _92114782 _3RU\NLR\AUTH\661277688 |
||
| 686 | 1 | _aЗ973.233-018.2 | |
| 686 | 1 | _aЗ988.02-018 | |
| 700 | 1 |
_4070 _8rus _7ca _aКоваленко _bВ.Н. _cканд. физ.-мат. наук _f1950- _gВиктор Николаевич _3RU\NLR\auth\7728002 _911033 |
|
| 701 | 1 |
_aКуликов _bА. Ю. _gАлександр Юрьевич _4070 |
|
| 801 | 0 |
_aRU _bNLR _c20130513 _gRCR |
|
| 801 | 1 |
_aRU _bNLR _c20130513 |
|
| 942 | _cBOOK | ||
| 980 | _aNBR | ||